• 首页
  • 本馆介绍
  • 公告通知
  • 最新文献
  • 馆藏检索
  • 电子资源
  • 读者导购
  • 参考咨询
  • 我的图书馆
  • 登录
  • 详细信息显示
  • 放入我的书架
  • 预约/预借图书
  • 作者相关作品
  • 分类相关作品
  • 丛书相关作品
  • 出版社相关作品

书目信息

  • 表格格式
  • 工作单格式
  • 卡片格式
题名:
SAS统计分析
    
 
作者: 沈其君 著
分册:  
出版信息: 南京   东南大学出版社  2001
页数: 221页
开本: 26cm
丛书名: 信息与计算科学丛书
单 册:
中图分类: C812
科图分类:
主题词: 统计--方法
电子资源:
ISBN: 7-81050-674-9
000 00576nam0 2200205 450
001 0732828906
005 20070903090708.90
010    @a7-81050-674-9@d¥23.00
100    @a20070903d km y0chiy0120 ea
101 0  @achi
200 1  @aSAS统计分析@ASAS tong ji fen xi@f沈其君著@Fshen qi jun zhu
210    @a南京@c东南大学出版社@d2001
215    @a221页@d26cm
225 2  @a信息与计算科学丛书
410  0 @12001 @a信息与计算科学丛书
606 0  @a统计@x方法
690    @aC812@v3
701  0 @a沈其君@Ashen qi jun@4著
801  0 @aCN@bPFT@c20070903
905    @a213230@dC812@eS10@f1
    
    SAS统计分析/沈其君著.-南京:东南大学出版社,2001
    221页;26cm.-(信息与计算科学丛书)
    
    
    ISBN 7-81050-674-9:¥23.00
    
●
相关链接 在E读中查询图书 在五车中查询图书 在当当中查询图书 在豆瓣中查询图书


正题名:SAS统计分析     索取号:C812/S10         预约/预借

序号 登录号 条形码 馆藏地/架位号 状态 备注
1 6704483   267044833   数信系资料室/ [索取号:C812/S10] 在馆    
唐山师范学院图书馆 欢迎您!
大连网信软件有限公司© 版权所有